| 000 | 01515nam a2200265Ia 4500 | ||
|---|---|---|---|
| 999 |
_c40573 _d40573 |
||
| 001 | 7198 | ||
| 003 | GE_BSU | ||
| 005 | 20231019172601.0 | ||
| 008 | 181216s2004||||ge |||||||||||||| ||geo|| | ||
| 020 | _a9994022210 | ||
| 040 | _cGE_BSU | ||
| 041 | _ageo | ||
| 080 | _a330.1(092)+06.068 ნობელი ნ-77 | ||
| 245 |
_aნობელიანტი ეკონომისტები / _c[ავტ.-შემდგ. : ამბროსი გრიშიკაშვილი, თენგიზ კუდავა, ნინო ოდილავაძე ; რედ. ამბროსი გრიშიკაშვილი ; პროექტის ავტ. კახმეგ კუდავა]. |
||
| 264 |
_aთბილისი : _bინტელექტი, _c2005. |
||
| 300 |
_a287გვ. ; _c20 სმ. |
||
| 490 | _aნობელის პრემიის ლაუტეატები | ||
| 541 | _h12ლ. | ||
| 653 | _aნობელიანტი ეკონომისტები | ||
| 700 |
_aგრიშიკაშვილი, ამბროსი _eავტორ-შემდგენელი _9774 |
||
| 700 |
_aკუდავა, თენგიზ _eავტორ-შემდგენელი _920151 |
||
| 700 |
_aოდილავაძე, ნინო _eავტორ-შემდგენელი _920152 |
||
| 700 |
_aგრიშიკაშვილი, ამბროსი _eრედაქტორი _9774 |
||
| 942 |
_cBK _2udc |
||